000
00313nam a22001217a 4500
008
160429b xxu||||| |||| 00| 0 eng d
020
_a
9781416049036
020
_a
9996047865
041
_a
eng
080
_a
618.2
245
_a
Medical surgical nursing:
_c
Donna D. Ignatavicius; M. Linda Workman;
942
_2
udc
_c
BK
999
_c
1690
_d
1690